000 00491nam a2200181Ia 4500
999 _c28537
_d28537
003 OSt
005 20201204095604.0
008 190216s9999||||xx |||||||||||||| ||und||
020 _a9788126412037
040 _coclc
082 _a894.8124
_bVIJ/O
100 _aVijayan, O V
_91775
245 0 _aOrmapusthakam /
_cO V Vijayan
260 _bD C Books,
_aKottyam:
_c2006.
300 _a208p
650 _aLekhanam
942 _cBK
_2ddc
_h894.8124
_iVIJ/O
_k894.8124
_mVIJ/O